000 01367cam a22003254i 4500
003 PE-LiUPU
005 20250731183417.0
008 150625s r 000 0 d
035 _a(Sirsi) a30204
040 _aPE-LiUPU
_bspa
_cPE-LiUPU
_erda
082 0 4 _a781.7109
_bC711h
_223
100 1 _aColling, Alfred,
_eautor.
245 1 0 _aHistoria de la Música Cristiana /
_cAlfred Colling, versión española de Luan L. Escayola y J. A. G.-Larraya
264 1 _aAndorra :
_bEditorial Casa I Val,
_c1957.
300 _a152 páginas ;
_c19 centímetros.
336 _atext
_2rdacontent
337 _aunmediated
_2rdamedia
338 _avolume
_2rdacarrier
490 _aDuodécima parte: Las artes cristianas
_v130
505 0 _aLa musica antes de Cristo. -Salmos antiguos y primeros himnos. -Del patriarca y primeros himnos. -Del patriarca Anatolio al Papa Gregorio. -La musica liturgica, soberana y solitaria. -Primeras arquitecturas musicales. -Ars Nova. -Esplendor del renacimiento. -La musica se hace dramatica. -El siglo de bach y de Haendel. -Romanticismo cristiano. -Riquezas perdidas y recuperadas.
526 _aP158
526 _aP146
526 _aP17
526 _aP12
526 _aP06
650 0 _aMúsica cristiana
_xHistoria
_91025
942 _2ddc
_cBK
980 _81
_gALBERTO SANCHEZ Responsable de Automatización
999 _c37635
_d37635